000 00328 a2200169 4500
001 186444
020 _a85-294-0242-1
040 _cMagnum
100 _aBirner, Ernesto
240 1 0 _aBiologia 3
_lpor
245 1 0 _aBiologia 3
300 _a522
362 0 _a2002
440 1 _aHarbra
697 _aBIOLOGIA
942 _cBK
999 _c186444
_d186444